000 00629nam a22002177a 4500
003 UA-OsUOA
001 36070
007 ta
008 20060118b un ||||| |||| 00| 0 ukr d
100 _aКлочек Г.
090 _a81
942 _cSA
040 _aUA-OsUOA
_bukr
_cUA-OsUOA
_dUA-OsUOA
245 _aВища літературна освіта в контексті Болонського процесу
300 _aС. 2-6
955 _a2
041 _aukr
080 _a81
773 0 _w36069
650 7 _a8 Мовознавство. Художня література. Літературознавство
_2UDC
999 _c322338
_d322338